The seventh Galaxy reader / (Запис № 547841)

МАРК-запис
000 -LEADER
fixed length control field 01850cam a2200301Ii 4500
001 - CONTROL NUMBER
control field seventhgalaxyrea00gala
003 - CONTROL NUMBER IDENTIFIER
control field CaSfIA
005 - DATE AND TIME OF LATEST TRANSACTION
control field 20210119081623.0
007 - PHYSICAL DESCRIPTION FIXED FIELD--GENERAL INFORMATION
fixed length control field cr||||
008 - FIXED-LENGTH DATA ELEMENTS--GENERAL INFORMATION
fixed length control field 771212s1964 nyu 000 1 eng d
040 ## - CATALOGING SOURCE
Original cataloging agency COV
Transcribing agency COV
Modifying agency OCLCQ
-- SYB
-- OCLCQ
-- CaSfIA
019 ## -
-- 4403674
035 ## - SYSTEM CONTROL NUMBER
System control number (OCoLC)3484290
Canceled/invalid control number (OCoLC)4403674
050 #4 - LIBRARY OF CONGRESS CALL NUMBER
Classification number PZ1.G22
Item number Gal
082 04 - DEWEY DECIMAL CLASSIFICATION NUMBER
Classification number 813.5/4
Edition number 19
110 2# - MAIN ENTRY--CORPORATE NAME
Corporate name or jurisdiction name as entry element Galaxy magazine.
245 14 - TITLE STATEMENT
Title The seventh Galaxy reader /
Medium [electronic resource]
Statement of responsibility, etc edited by Frederik Pohl.
260 ## - PUBLICATION, DISTRIBUTION, ETC. (IMPRINT)
Place of publication, distribution, etc New York :
Name of publisher, distributor, etc Doubleday,
Date of publication, distribution, etc [1964]
300 ## - PHYSICAL DESCRIPTION
Extent xii, 247 p. ;
Dimensions 22 cm.
505 0# - FORMATTED CONTENTS NOTE
Formatted contents note Introduction / Frederik Pohl.--For love / Algis Budrys.--Come into my cellar / Ray Bradbury.--The tail-tied kings / Avram Davidson.--Crime machine / Robert Bloch.--Return engagement / Lester Del Rey.--Earthmen bearing gifts / Frederic Brown.--Rainbird / R.A. Lafferty.--Three portraits and a prayer / Frederik Pohl.--Something bright / Zenna Henderson.--On the gem planet / Cordwainer Smith.--The deep down dragon / Judith Merril.--The king of the city / Keith Laumer.--The beat cluster / Fritz Leiber.--An old fashioned bird Christmas / Margaret St. Clair.--The big pat boom / Damon Knight.
506 ## - RESTRICTIONS ON ACCESS NOTE
Standardized terminology for access restriction Необхідна авторизація на https://archive.org/ (створення облікового запису безкоштовно)
506 ## - RESTRICTIONS ON ACCESS NOTE
Standardized terminology for access restriction Необхідна авторизація на https://openlibrary.org/ (створення облікового запису безкоштовно)
650 #0 - SUBJECT ADDED ENTRY--TOPICAL TERM
Topical term or geographic name as entry element Science fiction.
700 1# - ADDED ENTRY--PERSONAL NAME
Personal name Pohl, Frederik,
Relator term ed.
856 41 - ELECTRONIC LOCATION AND ACCESS
Uniform Resource Identifier <a href="http://www.archive.org/details/seventhgalaxyrea00gala">http://www.archive.org/details/seventhgalaxyrea00gala</a>
Public note Free eBook from the Internet Archive
856 42 - ELECTRONIC LOCATION AND ACCESS
Uniform Resource Identifier <a href="http://www.openlibrary.org/books/OL24369853M">http://www.openlibrary.org/books/OL24369853M</a>
Public note Additional information and access via Open Library
942 ## - ADDED ENTRY ELEMENTS (KOHA)
Koha item type ЕКнига

Немає доступних примірників.